000 00529nam a22001815i 4500
999 _c113176
_d113176
001 19549711
005 20190720115258.0
008 170310s2017 inu 000 0 eng
020 _a9788126569199(alk. paper)
040 _cPK-LaUMT
082 _a519.50285536
_bMCC-S
100 1 _aMcCormick, Keith
245 1 0 _aSPSS Statistics for data analysis and visualization /
_cby Keith McCormick and Jesus Salcedo
260 _aIndianapolis :
_bWiley India,
_c2017
300 _a490 p.
650 _aSPSS statistics
942 _cBK